Kfz-Kennzeichen Saarland+Stadtstaaten - Statistiken

Allgemein
  • Dieses Quiz wurde 39 mal gespielt
    13 seit der letzten Aktualisierung
  • Das Durchschnittsergebnis liegt bei 10 aus 12
Antwortstatistiken
Kennzeichen Stadt % Korrekt
HH Hansestadt Hamburg
100%
HOM Homburg
100%
SB Saarbrücken
100%
SLS Saarlouis
100%
B Berlin
83%
HB Hansestadt Bremen
83%
MZG Merzig
83%
NK Neunkirchen
83%
VK Völklingen
83%
OTW Ottweiler
67%
WND Wendel
50%
IGB Ingbert
33%
Keine übereinstimmenden Quizze gefunden
Verteilung der Resultate
Anzahl Personen mit jedem Resultat
Perzentil nach korrekt beantworteten Fragen
Ihre Resultats-Entwicklung
Sie haben dieses Quiz seit der letzten Aktualisierung nicht gespielt